Statistics for Megacities in China

Click here to take the quiz!

General Stats

  • This quiz has been taken 69 times
    (48 since last reset)
  • The average score is 8 of 11

Answer Stats

Answer% Correct
Beijing
100%
Shanghai
97%
Guangzhou
83%
Tianjin
83%
Xi’an
77%
Chongqing
73%
Wuhan
73%
Chengdu
67%
Xiamen
67%
Hangzhou
60%
Changsha
57%

Score Distribution

Percentile by Number Answered

Percent of People with Each Score

Your Score History

You have not taken this quiz since the last reset